| 000 | 00822nam a2200325Ia 4500 | ||
|---|---|---|---|
| 001 | 4988 | ||
| 003 | 9907 | ||
| 005 | 20251109064831.0 | ||
| 008 | ||||||n9999 ||| || || | ||
| 041 | _aspa | ||
| 082 |
_219 _a338763 |
||
| 100 | 1 |
_aEscobar, Germán _98950 |
|
| 245 | 0 | _aEsquema para la evaluacion socioeconomica del componente tecnologico en programas de desarrollo rural del ICA | |
| 260 |
_aBogotá : _bInstituto Colombiano Agropecuario, _c1977. |
||
| 300 | _a55p. | ||
| 562 | _e1 | ||
| 650 | 0 |
_aAgricultura _91938 |
|
| 650 |
_aCOLOMBIA _98951 |
||
| 650 | 0 |
_aDesarrollo rural _97414 |
|
| 650 | 0 |
_aTecnología _92367 |
|
| 942 | _cBKM | ||
| 999 |
_c4988 _d4988 |
||
| 526 | _a10406 | ||
| 526 | _a116204 | ||
| 526 | _a4969 | ||
| 526 | _a19790 | ||
| 526 | _a104436 | ||
| 526 | _a5144 | ||
| 526 | _a51868 | ||
| 526 | _a1697 | ||